000 00868nam a22002057a 4500
999 _c193917
_d193917
005 20230302112605.0
010 _aB-746221-225 E.N.A./7.11.22
020 _a9789392594441
_c1100.00
035 _aB-746221-225
037 _bEss Ess Publications
082 _a025.1
245 _aLibrary Management During Pandemic:
_bIssues and Challenges/
_cedi. by Md. Alamgir khan & Shamim Aktar Munshi
260 _bEss Ess Publications
_c2022
_aNew Delhi
270 _a4831/24, Ansari Road , Darya Ganj,
_bNew Delhi
_e110002
300 _axvii,269p.
_b23cm(hbk)
700 _aKhan, Alamgir
700 _aMunshi Aktar Shamim
942 _2ddc
_cEN
_mLIB
_h025.1